[Event "Mittelfranken-chTB2b 1314"]
[Site "Mittelfranken"]
[Date "2014.02.16"]
[Round "6.8"]
[White "Boehme, Markus"]
[Black "Dosche, Clemens"]
[Result "1-0"]
[WhiteElo "1962"]
[BlackElo "1591"]
[PlyCount "83"]
[EventDate "2013.10.20"]
[EventType "team-tourn"]
[EventRounds "9"]
[EventCountry "GER"]
[SourceTitle "EXT 2020"]
[Source "ChessBase"]
[SourceDate "2019.10.17"]
[SourceVersion "1"]
[SourceVersionDate "2019.10.17"]
[SourceQuality "1"]
[WhiteTeam "Uttenreuth"]
[BlackTeam "Nuernberg NT IV"]
[WhiteTeamCountry "GER"]
[BlackTeamCountry "GER"]

1. e4 c5 2. b3 Nc6 3. Bb2 e6 4. Bb5 a6 5. Bxc6 dxc6 6. f4 Nf6 7. d3 Be7 8. Nf3 Qc7 9. Ne5 b5 10. Nd2 Bb7 11. 0-0 0-0 12. Ndf3 Nd7 13. Nxd7 Qxd7 14. Ne5 Qc7 15. Qg4 Bf6 16. Qg3 Qe7 17. f5 Rfe8 18. fxe6 Qxe6 19. Rxf6 Qxf6 20. Rf1 Qh6 21. Rxf7 Rxe5 22. Rxb7 Rg5 23. Rb8+ Rxb8 24. Qxb8+ Kf7 25. Qc7+ Kf8 26. Qd8+ Kf7 27. Bc1 Rxg2+ 28. Kxg2 Qxc1 29. Qd7+ Kf8 30. Qd8+ Kf7 31. Qd7+ Kf8 32. Qd6+ Kf7 33. Qxc5 Qd2+ 34. Qf2+ Qxf2+ 35. Kxf2 Ke6 36. Kf3 c5 37. c3 Ke5 38. b4 cxb4 39. d4+ Ke6 40. cxb4 g6 41. Kf4 h6 42. h4 1-0